| 000 | 00565nam a2200205 a 4500 | ||
|---|---|---|---|
| 001 | BRCA_5758 | ||
| 005 | 20190320205214.0 | ||
| 008 | 090311s1945----u--#######---#000-0#eng-# | ||
| 041 | _aeng | ||
| 044 | _au | ||
| 050 | 4 |
_aHG205 _b.L46 _c1945 |
|
| 100 | 1 |
_aLeón, Rene _914606 |
|
| 245 | 1 | 0 |
_aBretton Woods _bThe Monetary fund Agreement Viewed from the Angle of Exchangue. |
| 260 |
_aNew Jersey, E.U.A _bPrincenton _c1945 |
||
| 300 |
_a13 p. _c23 cm. |
||
| 500 | _aH73 | ||
| 650 | 1 | 4 |
_aFinanzas _xPolítica Monetaria. _zE.U.A _914607 |
| 902 | _aGFM | ||
| 942 |
_2lcc _cB |
||
| 999 |
_c5448 _d5448 |
||